|
|
|
|
| LEADER |
00000nam0a2200000 4500 |
| 001 |
322710 |
| 005 |
20240201133826.0 |
| 010 |
|
|
|a 9785438706267
|
| 035 |
|
|
|a (RuTPU)RU\TPU\book\348269
|
| 090 |
|
|
|a 322710
|
| 100 |
|
|
|a 20161003d2015 k y0rusy50 ca
|
| 101 |
0 |
|
|a rus
|
| 102 |
|
|
|a RU
|
| 105 |
|
|
|a a z 001zy
|
| 200 |
1 |
|
|a Высокопроизводительные вычисления на основе структурно-графического представления
|e монография
|f А. Ю. Дёмин [и др.]
|g Национальный исследовательский Томский политехнический университет (ТПУ)
|
| 210 |
|
|
|a Томск
|c Изд-во ТПУ
|d 2015
|
| 215 |
|
|
|a 142 с.
|c ил.
|
| 320 |
|
|
|a Библиогр.: с. 137-141
|
| 330 |
|
|
|a Монография посвящена исследованию одного из подходов для реализации параллельных вычислений. Данный подход можно рассматривать как попытку распараллеливания программ на основе использования структурно- графического представления программ, в виде связанных деревьев, графов управляющих связей и графа потока данных. Особое внимание в монографии уделено вопросам практического использования предложенного способа для решения конкретных задач. Предназначена для специалистов в области параллельных вычислений, а также научных работников, аспирантов и студентов технических специальностей вузов.
|
| 606 |
1 |
|
|a Параллельные вычисления
|2 stltpush
|3 (RuTPU)RU\TPU\subj\72572
|9 86023
|
| 610 |
1 |
|
|a аппаратное обеспечение
|
| 610 |
1 |
|
|a программное обеспечение
|
| 610 |
1 |
|
|a параллельное программирование
|
| 610 |
1 |
|
|a технология
|
| 610 |
1 |
|
|a вычислительные алгоритмы
|
| 610 |
1 |
|
|a распараллеливание
|
| 610 |
1 |
|
|a монографии
|
| 610 |
1 |
|
|a труды учёных ТПУ
|
| 675 |
|
|
|a 004.032.24
|v 3
|
| 701 |
|
1 |
|a Дёмин
|b А. Ю.
|c специалист в области информатики и вычислительной техники
|c доцент Томского политехнического университета, кандидат технических наук
|f 1973-
|g Антон Юрьевич
|3 (RuTPU)RU\TPU\pers\25389
|9 11332
|
| 701 |
|
1 |
|a Дорофеев
|b В. А.
|c специалист в области информатики и вычислительной техники
|c старший преподаватель Томского политехнического университета
|f 1980-
|g Вадим Анатольевич
|3 (RuTPU)RU\TPU\pers\25931
|9 11782
|
| 701 |
|
1 |
|a Моисеев
|b А. Н.
|g Алексаедр Николаевич
|
| 701 |
|
1 |
|a Аксёнов
|b С. В.
|c специалист в области информатики и вычислительной техники
|c доцент Томского политехнического университета, кандидат технических наук
|f 1983-
|g Сергей Владимирович
|3 (RuTPU)RU\TPU\pers\25383
|
| 701 |
|
1 |
|a Вершинин
|b А. С.
|c специалист в области информатики и вычислительной техники
|c программист Томского политехнического университета, кандидат технических наук
|f 1987-
|g Александр Сергеевич
|3 (RuTPU)RU\TPU\pers\33810
|
| 712 |
0 |
2 |
|a Национальный исследовательский Томский политехнический университет (ТПУ)
|c (2009- )
|3 (RuTPU)RU\TPU\col\15902
|
| 801 |
|
1 |
|a RU
|b 63413507
|c 20161003
|
| 801 |
|
2 |
|a RU
|b 63413507
|c 20161010
|g RCR
|
| 942 |
|
|
|c BK
|